|
|
|
|
| LEADER |
01892nam a2200433 i 4500 |
| 001 |
EBC1935090 |
| 003 |
MiAaPQ |
| 005 |
20200520144314.0 |
| 006 |
m o d | |
| 007 |
cr cnu|||||||| |
| 008 |
140312t20142014enka ob 000 0 eng d |
| 020 |
|
|
|z 9781844642960
|
| 020 |
|
|
|a 9781844643950
|q (electronic bk.)
|
| 035 |
|
|
|a (MiAaPQ)EBC1935090
|
| 035 |
|
|
|a (Au-PeEL)EBL1935090
|
| 035 |
|
|
|a (CaPaEBR)ebr10841179
|
| 035 |
|
|
|a (OCoLC)876044475
|
| 040 |
|
|
|a MiAaPQ
|b eng
|e rda
|e pn
|c MiAaPQ
|d MiAaPQ
|
| 050 |
|
4 |
|a HF3838.C6
|b .C456 2014
|
| 082 |
0 |
|
|a 382
|2 23
|
| 245 |
0 |
0 |
|a China's imports :
|b impact and evaluation /
|c editor-in-chief, Song Hong ; translator, Evan Villarrubia.
|
| 264 |
|
1 |
|a [Reading, England] :
|b Paths International Ltd. :
|b Social Sciences Academic Press (China),
|c 2014.
|
| 264 |
|
4 |
|c 2014
|
| 300 |
|
|
|a 1 online resource (302 pages) :
|b illustrations, graphs.
|
| 336 |
|
|
|a text
|2 rdacontent
|
| 337 |
|
|
|a computer
|2 rdamedia
|
| 338 |
|
|
|a online resource
|2 rdacarrier
|
| 490 |
0 |
|
|a Foreign Investment in China Series
|
| 504 |
|
|
|a Includes bibliographical references.
|
| 588 |
|
|
|a Description based on online resource; title from PDF title page (ebrary, viewed March 11, 2014).
|
| 590 |
|
|
|a Electronic reproduction. Ann Arbor, MI : ProQuest, 2015. Available via World Wide Web. Access may be limited to ProQuest affiliated libraries.
|
| 650 |
|
0 |
|a Imports
|z China.
|
| 651 |
|
0 |
|a China
|x Commerce.
|
| 655 |
|
4 |
|a Electronic books.
|
| 700 |
1 |
|
|a Hong, Song.
|
| 700 |
1 |
|
|a Villarrubia, Evan.
|
| 776 |
0 |
8 |
|i Print version:
|t China's imports : impact and evaluation.
|d [Reading, England] : Paths International Ltd. : Social Sciences Academic Press (China), c2014
|h i, 294 pages
|k Foreign Investment in China Series
|z 9781844642960
|
| 797 |
2 |
|
|a ProQuest (Firm)
|
| 856 |
4 |
0 |
|u https://ebookcentral.proquest.com/lib/matrademy/detail.action?docID=1935090
|z Click to View
|